000
00293nam a2200109Ia 4500
008
171211s9999 xx 000 0 und d
245
_a
Pleistocene Mammals of Europe
245
_c
Bjorn Kurten
260
_c
2007
650
_x
Biology
856
_u
http://down.ebook777.com/062/9780202309538.pdf
999
_c
350402
_d
350402